书目信息 |
| 题名: |
系统辨识及其MATLAB仿真
|
|
| 作者: | 侯媛彬 , 汪梅 , 王立绮 编著 | |
| 分册: | ||
| 出版信息: | 北京 科学出版社 2004.2 |
|
| 页数: | 248页 | |
| 开本: | 24cm | |
| 丛书名: | ||
| 单 册: | ||
| 中图分类: | N945.14 , TP391.9 | |
| 科图分类: | ||
| 主题词: | 系统辨识--高等学校--教材 , 计算机仿真--计算机辅助计算--软件包, MATLAB--高等学校--教材 , 系统辨识 , 计算机仿真 , 计算机辅助计算 , 软件包 | |
| 电子资源: | ||
| ISBN: | 7-03-012737-4 | |
| 000 | 01189nam0 2200361 45 | |
| 001 | 012004000000 | |
| 005 | 20050117152651.12 | |
| 010 | @a7-03-012737-4@dCNY 23.00 | |
| 100 | @a20040223d2004 em y0chiy0121 ea | |
| 101 | 0 | @achi |
| 102 | @aCN@b110000 | |
| 105 | @aa z 000yy | |
| 200 | 1 | @a系统辨识及其MATLAB仿真@Axi tong bian shi ji qi MATLAB fang zhen@f侯媛彬, 汪梅, 王立绮编著 |
| 210 | @a北京@c科学出版社@d2004.2 | |
| 215 | @a248页@c图@d24cm | |
| 300 | @a21世纪高等院校教材 | |
| 307 | @a附光盘: ISBN 7-900146-18-0 | |
| 320 | @a附参考文献 | |
| 330 | @a本书论述了古典、现代辨识理论和方法,并探讨了多种如神经网络、遗传神经网络算法、模糊神经网络新的非线性智能辨识技术,介绍了诱导和辨识混沌的方法。 | |
| 606 | 0 | @a系统辨识@x高等学校@j教材 |
| 606 | 0 | @a计算机仿真@x计算机辅助计算@x软件包, MATLAB@x高等学校@j教材 |
| 606 | 0 | @a系统辨识 |
| 606 | 0 | @a计算机仿真 |
| 606 | 0 | @a计算机辅助计算 |
| 606 | 0 | @a软件包 |
| 610 | 0 | @aMATLAB |
| 690 | @aN945.14@v4 | |
| 690 | @aTP391.9@v4 | |
| 701 | 0 | @a侯媛彬@Ahou yuan bin@4编著 |
| 701 | 0 | @a汪梅@Awang mei@4编著 |
| 701 | 0 | @a王立绮@Awang li qi@4编著 |
| 801 | 0 | @aCN@bQSSK@c20050117 |
| 905 | @a10447@dN945.14@eH435 | |
| 系统辨识及其MATLAB仿真/侯媛彬, 汪梅, 王立绮编著.-北京:科学出版社,2004.2 |
| 248页:图;24cm |
| 21世纪高等院校教材 |
| ISBN 7-03-012737-4:CNY 23.00 |
| 本书论述了古典、现代辨识理论和方法,并探讨了多种如神经网络、遗传神经网络算法、模糊神经网络新的非线性智能辨识技术,介绍了诱导和辨识混沌的方法。 |
| ● |
| 相关链接 |
|
|
|
正题名:系统辨识及其MATLAB仿真
索取号:N945.14/H435
 
预约/预借
| 序号 | 登录号 | 条形码 | 馆藏地/架位号 | 状态 | 备注 |
| 1 | 438367 | 204383675 | 期刊室512/401自科库 142排2列5层/ [索取号:N945.14/H435] | 在馆 | |
| 2 | 438368 | 204383684 | 期刊室512/401自科库 142排2列5层/ [索取号:N945.14/H435] | 在馆 | |
| 3 | 438369 | 204383693 | 自科库401/401自科库 142排2列5层/ [索取号:N945.14/H435] | 在馆 |